000 00942naa a2200241 i 4500
001 40855
003 ES-MaBCM
005 20241016104335.0
008 960507s1995 esp 000 0 spa d
021 _axx
035 _a(OCoLC)1365151255
040 _cES-MaBCM
041 0 _aspa
043 _aesp
100 1 _aPanizo García, Antonio
_935253
245 1 0 _aRégimen jurídico de los convenios de colaboración
_cAntonio Panizo García
520 _aLa idea de colaboración en un fin común de interés público como nota diferenciadora de tales convenios respecto de los contratos regulados por la Ley 13/1995, de 18 de mayo. Convenios de colaboración entre entidades de derecho público o privado...
650 2 7 _aContratación administrativa
_958095
651 2 4 _aEspaña
_9115342
655 4 _aLegislación comentada
_9115338
773 0 _aEn:
_tLa Ley
_dMadrid : 1995
_gtomo 4, p. 925-934. - Loc. S.54
_w104460
942 _cAREV
999 _c40855
_d40855